Drug Store and Business Management for 2nd year (Record no. 8209)

MARC details
000 -LEADER
fixed length control field 00404nam a2200157Ia 4500
008 - FIXED-LENGTH DATA ELEMENTS--GENERAL INFORMATION
fixed length control field 191201s2014 xx 000 0 und d
082 ## - DEWEY DECIMAL CLASSIFICATION NUMBER
Classification number 615.1068 ALD
100 ## - MAIN ENTRY--PERSONAL NAME
Personal name ALI, Mohammed
245 #0 - TITLE STATEMENT
Title Drug Store and Business Management for 2nd year
260 ## - PUBLICATION, DISTRIBUTION, ETC. (IMPRINT)
Name of publisher, distributor, etc CBS Pub
Place of publication, distribution, etc New delhi
Date of publication, distribution, etc 2014
300 ## - PHYSICAL DESCRIPTION
Extent 344
650 ## - SUBJECT ADDED ENTRY--TOPICAL TERM
Topical term or geographic name as entry element Pharmaceutics
700 ## - ADDED ENTRY--PERSONAL NAME
Personal name GUPTA, Jyoti
942 ## - ADDED ENTRY ELEMENTS (KOHA)
Source of classification or shelving scheme Dewey Decimal Classification
Koha item type Text Books
Holdings
Withdrawn status Lost status Source of classification or shelving scheme Damaged status Not for loan Collection code Home library Current library Date acquired Source of acquisition Cost, normal purchase price Bill Number Total Checkouts Full call number Acc. no. / Barcode Date last seen Date last borrowed Actual Cost, discounted price Bill Date Koha item type
    Dewey Decimal Classification     Diploma in Pharmacy PIET C-LIBRARY PIET C-LIBRARY 25/03/2019 Kirti Prakashan 295.00 IN 3049 3 615.1068 ALD DP56 04/05/2022 27/04/2022 190.27 08/03/2019 Reference Books
    Dewey Decimal Classification     Diploma in Pharmacy PIET C-LIBRARY PIET C-LIBRARY 25/03/2019 Kirti Prakashan 295.00 IN 3049 4 615.1068 ALD DP57 25/07/2022 19/07/2022 190.27 08/03/2019 Text Books
    Dewey Decimal Classification     Diploma in Pharmacy PIET C-LIBRARY PIET C-LIBRARY 25/03/2019 Kirti Prakashan 295.00 IN 3049 2 615.1068 ALD DP58 19/05/2022 29/12/2021 190.27 08/03/2019 Text Books

Design & Developed by: PIET Central Library
R70 Miles Stone Pattikalyana Samalkha Panipat 132102
mail ID :- [email protected], Phone No:- 0180-2569700 Ex.216